Global marketing management / (Record no. 343513)

000 -LEADER
fixed length control field 01479 a2200205 4500
020 ## - INTERNATIONAL STANDARD BOOK NUMBER
International Standard Book Number 0471451878
020 ## - INTERNATIONAL STANDARD BOOK NUMBER
International Standard Book Number 9780471451877
082 04 - DEWEY DECIMAL CLASSIFICATION NUMBER
Classification number 381
090 ## - LOCALLY ASSIGNED LC-TYPE CALL NUMBER (OCLC); LOCAL CALL NUMBER (RLIN)
-- 975
-- 975
100 1# - MAIN ENTRY--PERSONAL NAME
Personal name Kotabe, Masaaki.
245 10 - TITLE STATEMENT
Title Global marketing management /
Statement of responsibility, etc. Masaaki Kotabe.
250 ## - EDITION STATEMENT
Edition statement 3rd International edition ed.
260 ## - PUBLICATION, DISTRIBUTION, ETC.
Place of publication, distribution, etc. [S.l.] :
Name of publisher, distributor, etc. John Wiley & Sons,
Date of publication, distribution, etc. 2004.
300 ## - PHYSICAL DESCRIPTION
Extent 694 p. ;
Dimensions 28 cm.
500 ## - GENERAL NOTE
General note Hardcover.
520 ## - SUMMARY, ETC.
Summary, etc. The ultimate objective of this book is to help readers prepare for the 21st Century and become an effective manager overseeing global marketing activities in an increasingly competitive environment. Rather than being bound by the traditional bilateral (international) view of competition and marketing, Kotabe and Helsen emphasize the multilateral (global) nature of marketing. This global approach also presents marketing in a cross- functional approach to the business operation. Global orientation- This book takes the view that the term, "global" epitomizes the competitive pressure and market opportunities from around the world and the firm's need to optimize its market performance on a global basis. Proactive Orientation- Presents a balanced approach between an outside/in and inside/out marketing perspective.
856 40 - ELECTRONIC LOCATION AND ACCESS
Materials specified Amazon.com
Uniform Resource Identifier <a href="http://www.amazon.com/exec/obidos/ASIN/0471451878/chopaconline-20">http://www.amazon.com/exec/obidos/ASIN/0471451878/chopaconline-20</a>
856 40 - ELECTRONIC LOCATION AND ACCESS
Materials specified Amazon customer reviews
Uniform Resource Identifier <a href="http://www.chopac.org/cgi-bin/tools/azrev.pl?q=0471451878">http://www.chopac.org/cgi-bin/tools/azrev.pl?q=0471451878</a>
942 ## - ADDED ENTRY ELEMENTS (KOHA)
Institution code [OBSOLETE] NBS
Koha item type Book
Call number prefix 658.848 KOT
Holdings
Withdrawn status Lost status Damaged status Not for loan Permanent Location Current Location Date acquired Total Checkouts Full call number Barcode Date last seen Price effective from Koha item type
        Central Library (CL) Central Library (CL) 08/28/2013   658.848 KOT NBS6565 07/07/2014 08/28/2013 Book
        Central Library (CL) Central Library (CL) 08/28/2013   658.848 KOT NBS6012 08/28/2013 08/28/2013 Book
© 2023 Central Library, National University of Sciences and Technology. All Rights Reserved.